[Event "Biel"]
[Site "Biel SUI"]
[Date "1994.??.??"]
[Round "1"]
[White "Cramling, Pia"]
[Black "Wahls, Matthias"]
[Result "0-1"]
[WhiteElo "2525"]
[BlackElo "2540"]
[PlyCount "120"]
[EventDate "1994.07.24"]
[EventType "tourn"]
[EventRounds "11"]
[EventCountry "SUI"]
[EventCategory "10"]

1. d4 Nf6 2. c4 e6 3. Nf3 Bb4+ 4. Nbd2 O-O 5. a3 Be7 6. e4 d5 7. e5 Nfd7 8. cxd5 exd5 9. Bd3 c5 10. O-O Nc6 11. Re1 Re8 12. Qc2 h6 13. Bf5 Nf8 14. dxc5 Bxf5 15. Qxf5 a5 16. Nb3 a4 17. Nbd4 Bxc5 18. Be3 Qb6 19. Rad1 Ne6 20. Nxe6 Bxe3 21. Rxe3 fxe6 22. Qd3 Rf8 23. Nd4 Nxd4 24. Qxd4 Qxd4 25. Rxd4 Rac8 26. Kf1 b5 27. Rb4 Rc1+ 28. Re1 Rc5 29. f3 g5 30. b3 axb3 31. Rxb3 g4 32. Kf2 Rf5 33. Re2 Kf7 34. Kg3 gxf3 35. gxf3 Rg5+ 36. Kf2 Rh5 37. Kg2 Kg6 38. f4 Kf5 39. Kg3 Rc8 40. h3 Rg8+ 41. Kh2 Rh4 42. Rxb5 Rxf4 43. Rb7 Re4 44. Ra2 Ra8 45. Rh7 Kg6 46. Re7 Rxe5 47. a4 Ra5 48. Rg2+ Kf6 49. Rh7 h5 50. Rf2+ Rf5 51. Rxf5+ Kxf5 52. Rxh5+ Ke4 53. Kg3 e5 54. Rh4+ Kd3 55. Rb4 Ra8 56. h4 e4 57. Kf4 d4 58. Rb3+ Kc4 59. Ra3 e3 60. Kf3 Rf8+ 0-1

[Event "Biel"]
[Site "Biel SUI"]
[Date "1994.??.??"]
[Round "1"]
[White "Forster, Richard"]
[Black "Vaganian, Rafael A"]
[Result "1-0"]
[WhiteElo "2380"]
[BlackElo "2645"]
[PlyCount "57"]
[EventDate "1994.07.24"]
[EventType "tourn"]
[EventRounds "11"]
[EventCountry "SUI"]
[EventCategory "10"]

1. e4 e6 2. d4 d5 3. Nd2 c5 4. exd5 Qxd5 5. Ngf3 cxd4 6. Bc4 Qd8 7. O-O Ne7 8. Nb3 Qc7 9. Qe2 Ng6 10. Nbxd4 a6 11. Bxe6 fxe6 12. Nxe6 Bxe6 13. Qxe6+ Qe7 14. Qc8+ Qd8 15. Qxb7 Nd7 16. Bg5 Rb8 17. Qe4+ Be7 18. Rad1 Qc7 19. Bxe7 Nxe7 20. Rfe1 Nf6 21. Qa4+ Kf8 22. Ng5 Qc6 23. Qa3 Re8 24. Re6 Qb7 25. Qd6 Qxb2 26. Rde1 Nfg8 27. Qf4+ Nf6 28. Qc4 Rc8 29. Rc6 1-0

[Event "Biel"]
[Site "Biel SUI"]
[Date "1994.??.??"]
[Round "1"]
[White "Gavrikov, Viktor"]
[Black "Gallagher, Joseph G"]
[Result "1/2-1/2"]
[WhiteElo "2600"]
[BlackElo "2470"]
[PlyCount "45"]
[EventDate "1994.07.24"]
[EventType "tourn"]
[EventRounds "11"]
[EventCountry "SUI"]
[EventCategory "10"]

1. e4 c5 2. Nf3 d6 3. d4 cxd4 4. Nxd4 Nf6 5. Nc3 a6 6. Be2 e5 7. Nb3 Be7 8. O-O O-O 9. Kh1 Be6 10. f4 exf4 11. Bxf4 Nc6 12. Qe1 Ne8 13. Nd5 Bg5 14. Rd1 Bxf4 15. Nxf4 Qe7 16. Qg3 Nf6 17. Nxe6 Qxe6 18. Qxd6 Qxe4 19. Bd3 Qe5 20. Qxe5 Nxe5 21. Be2 Rac8 22. c3 Rfe8 23. Nd4 1/2-1/2

[Event "Biel"]
[Site "Biel SUI"]
[Date "1994.??.??"]
[Round "1"]
[White "Landenbergue, Claude"]
[Black "Pelletier, Yannick"]
[Result "1/2-1/2"]
[WhiteElo "2450"]
[BlackElo "2350"]
[PlyCount "51"]
[EventDate "1994.07.24"]
[EventType "tourn"]
[EventRounds "11"]
[EventCountry "SUI"]
[EventCategory "10"]

1. e4 c5 2. Nf3 d6 3. d4 cxd4 4. Nxd4 Nf6 5. f3 e6 6. c4 Nc6 7. Nc3 Be7 8. Be3 O-O 9. Be2 d5 10. exd5 exd5 11. Nxc6 bxc6 12. O-O Re8 13. cxd5 Nxd5 14. Nxd5 cxd5 15. Bb5 Bd7 16. Bxd7 Qxd7 17. Bd4 Rac8 18. Qd3 Bc5 19. Bxc5 Rxc5 20. Rfe1 h6 21. h3 Rec8 22. Rad1 Qa4 23. a3 Qf4 24. Qd2 Qf5 25. Qf2 Rc2 26. Re2 1/2-1/2

[Event "Biel"]
[Site "Biel SUI"]
[Date "1994.??.??"]
[Round "1"]
[White "Masserey, Yvan"]
[Black "Hoffman, Alejandro"]
[Result "0-1"]
[WhiteElo "2300"]
[BlackElo "2500"]
[PlyCount "44"]
[EventDate "1994.07.24"]
[EventType "tourn"]
[EventRounds "11"]
[EventCountry "SUI"]
[EventCategory "10"]

1. e4 c5 2. Nf3 d6 3. d4 cxd4 4. Nxd4 Nf6 5. Nc3 g6 6. Bg5 Bg7 7. Bb5+ Bd7 8. Qe2 a6 9. Bxd7+ Nbxd7 10. O-O-O Rc8 11. f4 Rxc3 12. bxc3 Qc7 13. Rhe1 h6 14. Bh4 O-O 15. Qe3 Rc8 16. h3 Qc5 17. Bxf6 Bxf6 18. Kd2 Nb6 19. Qd3 Nc4+ 20. Ke2 Nb2 21. Qd2 Nxd1 22. Rxd1 Qxc3 0-1

[Event "Biel"]
[Site "Biel SUI"]
[Date "1994.??.??"]
[Round "2"]
[White "Vaganian, Rafael A"]
[Black "Gallagher, Joseph G"]
[Result "1-0"]
[WhiteElo "2645"]
[BlackElo "2470"]
[PlyCount "131"]
[EventDate "1994.07.24"]
[EventType "tourn"]
[EventRounds "11"]
[EventCountry "SUI"]
[EventCategory "10"]

1. Nf3 d6 2. g3 e5 3. d3 g6 4. c4 Bg7 5. Nc3 Nc6 6. Bg2 Nf6 7. O-O O-O 8. Rb1 a5 9. a3 Re8 10. Bg5 h6 11. Bxf6 Bxf6 12. b4 axb4 13. axb4 Bg7 14. b5 Ne7 15. Qc2 c6 16. Nd2 d5 17. bxc6 bxc6 18. Rfc1 Be6 19. Na4 Qd6 20. Nb6 Ra7 21. e4 Rd8 22. cxd5 cxd5 23. exd5 Nxd5 24. Bxd5 Bxd5 25. Nc8 Qd7 26. Nxa7 Qxa7 27. Qc7 Qxc7 28. Rxc7 Ba2 29. Ra1 Be6 30. Ne4 Bf8 31. Ra6 Kh8 32. h4 Rxd3 33. Rxe6 fxe6 34. Nf6 Bg7 35. Rc8+ Bf8 36. Ng4 Rd4 37. f4 Kg7 38. Rc7+ Kh8 39. Nxe5 Bd6 40. Nf7+ Kg8 41. Nxh6+ Kh8 42. Nf7+ Kg8 43. Nxd6 Rxd6 44. Kf2 Kf8 45. Ke3 Rd1 46. Ke4 Re1+ 47. Kd4 Re2 48. g4 Re1 49. g5 Re2 50. Rh7 Kg8 51. Rh6 Kg7 52. h5 gxh5 53. Rxh5 Kg6 54. Rh6+ Kf7 55. Rh1 Rd2+ 56. Ke4 Re2+ 57. Kf3 Ra2 58. Rh7+ Kf8 59. g6 Ra4 60. Rf7+ Ke8 61. Kg4 e5 62. Kg5 exf4 63. Rf5 Ke7 64. g7 Ra1 65. Rxf4 Rg1+ 66. Kh6 1-0

[Event "Biel"]
[Site "Biel SUI"]
[Date "1994.??.??"]
[Round "2"]
[White "Wahls, Matthias"]
[Black "Masserey, Yvan"]
[Result "1-0"]
[WhiteElo "2540"]
[BlackElo "2300"]
[PlyCount "59"]
[EventDate "1994.07.24"]
[EventType "tourn"]
[EventRounds "11"]
[EventCountry "SUI"]
[EventCategory "10"]

1. e4 e6 2. d4 d5 3. Nd2 Nf6 4. e5 Nfd7 5. c3 c5 6. Bd3 Nc6 7. Ne2 f6 8. Nf4 Qe7 9. Nf3 cxd4 10. cxd4 fxe5 11. dxe5 Ndxe5 12. Nxe5 Nxe5 13. Qh5+ Nf7 14. O-O g6 15. Bb5+ Bd7 16. Bxd7+ Qxd7 17. Qh3 e5 18. Qxd7+ Kxd7 19. Nxd5 Kc6 20. Nc3 Bc5 21. Be3 Bd4 22. Rac1 Rac8 23. Ne2+ Kd5 24. Rcd1 Rc4 25. b3 Rb4 26. Bd2 Rb6 27. Bc3 Rc8 28. Nxd4 exd4 29. Rxd4+ Kc6 30. Ba5 1-0

[Event "Biel"]
[Site "Biel SUI"]
[Date "1994.??.??"]
[Round "3"]
[White "Chiburdanidze, Maia"]
[Black "Wahls, Matthias"]
[Result "1/2-1/2"]
[WhiteElo "2505"]
[BlackElo "2540"]
[PlyCount "88"]
[EventDate "1994.07.24"]
[EventType "tourn"]
[EventRounds "11"]
[EventCountry "SUI"]
[EventCategory "10"]

1. c4 Nf6 2. Nc3 c5 3. Nf3 e6 4. d4 cxd4 5. Nxd4 Bb4 6. Ndb5 O-O 7. a3 Bxc3+ 8. Nxc3 d5 9. Bg5 Nc6 10. e3 dxc4 11. Bxc4 h6 12. Bh4 Qe7 13. O-O Ne5 14. Ba2 Rd8 15. Qe2 Ng6 16. Bg3 Bd7 17. Rad1 Bc6 18. Rxd8+ Rxd8 19. Rd1 a6 20. Bb1 Nf8 21. Rxd8 Qxd8 22. Qd3 Qxd3 23. Bxd3 N8d7 24. Bd6 Ne8 25. Bb4 Nc7 26. f4 Nf6 27. e4 Nb5 28. Nxb5 Bxb5 29. Bxb5 axb5 30. e5 Nd5 31. Bd2 h5 32. Kf2 Kf8 33. Kf3 Ke7 34. Ke4 Kd7 35. h3 g6 36. g4 hxg4 37. hxg4 Kc6 38. Kd4 Nb6 39. b3 Nd5 40. Bc1 Ne7 41. Ke4 Nd5 42. Kd4 Nb6 43. Bd2 Nd7 44. Bb4 Nb6 1/2-1/2

[Event "Biel"]
[Site "Biel SUI"]
[Date "1994.??.??"]
[Round "3"]
[White "Cramling, Pia"]
[Black "Vaganian, Rafael A"]
[Result "1/2-1/2"]
[WhiteElo "2525"]
[BlackElo "2645"]
[PlyCount "139"]
[EventDate "1994.07.24"]
[EventType "tourn"]
[EventRounds "11"]
[EventCountry "SUI"]
[EventCategory "10"]

1. d4 Nf6 2. c4 e6 3. Nf3 d5 4. Nc3 Be7 5. Bg5 h6 6. Bh4 O-O 7. e3 b6 8. Qc2 Bb7 9. Bxf6 Bxf6 10. cxd5 exd5 11. g4 c5 12. O-O-O cxd4 13. exd4 g6 14. h4 Nc6 15. g5 hxg5 16. hxg5 Bg7 17. Rh4 Re8 18. Bh3 b5 19. Kb1 Bc8 20. Bxc8 Rxc8 21. Qd2 Qd7 22. Ka1 b4 23. Na4 Nxd4 24. Rxd4 Qxa4 25. Rxb4 Qc6 26. a3 Qa6 27. Kb1 Rc6 28. Nd4 Rc4 29. f4 Rec8 30. Nf3 Rxb4 31. axb4 Qc4 32. Ne5 Qe4+ 33. Ka2 Rb8 34. Qxd5 Qxf4 35. Nc6 Re8 36. Rd2 a6 37. Rc2 Qf1 38. Qd7 Qe1 39. Qd5 Bf8 40. Rd2 Qf1 41. Rd3 Re6 42. Rf3 Qb5 43. Qxb5 axb5 44. Nd8 Re7 45. Nc6 Re8 46. Kb3 Re4 47. Nd8 Rxb4+ 48. Ka2 Ra4+ 49. Kb3 Ra7 50. Nc6 Rc7 51. Ne5 Bg7 52. Nd3 Rd7 53. Kc2 Rd5 54. Rg3 Bf8 55. Nf2 Rd4 56. Kc3 Bg7 57. Kc2 Rf4 58. Nh3 Rh4 59. Kb3 Bd4 60. Kc2 Kf8 61. b3 Ke7 62. Kd3 Ke6 63. Rf3 Be5 64. Nf2 Rd4+ 65. Ke3 Rh4 66. Ne4 Rg4 67. Rf1 Rh4 68. Rf3 Kd5 69. Nd2 Ke6 70. Ne4 1/2-1/2

[Event "Biel"]
[Site "Biel SUI"]
[Date "1994.??.??"]
[Round "3"]
[White "Gallagher, Joseph G"]
[Black "Pelletier, Yannick"]
[Result "0-1"]
[WhiteElo "2470"]
[BlackElo "2350"]
[PlyCount "88"]
[EventDate "1994.07.24"]
[EventType "tourn"]
[EventRounds "11"]
[EventCountry "SUI"]
[EventCategory "10"]

1. e4 c5 2. Nf3 d6 3. d4 cxd4 4. Nxd4 Nf6 5. Nc3 Nc6 6. Bg5 e6 7. Qd2 Be7 8. O-O-O O-O 9. Nb3 Qb6 10. f3 Rd8 11. Kb1 Qc7 12. Bd3 a6 13. Be3 b5 14. Qf2 Nd7 15. f4 Rb8 16. g4 Nb6 17. g5 b4 18. Ne2 a5 19. Nbd4 Nxd4 20. Nxd4 Nc4 21. Bxc4 Qxc4 22. f5 Bb7 23. Rhf1 Bxe4 24. fxe6 f6 25. b3 Qc8 26. Qh4 f5 27. Rxf5 Bxf5 28. Nxf5 Qxe6 29. Qh3 Qd7 30. Rg1 Rb5 31. Rf1 Re5 32. Bd4 Bxg5 33. Bxe5 dxe5 34. Qg4 Bf4 35. a4 g6 36. Qh4 Rf8 37. Ng3 Rc8 38. Qf6 Rc6 39. Ne4 Qc7 40. Qh4 Rxc2 41. Nf6+ Kh8 42. Ne8 Rc1+ 43. Rxc1 Qxc1+ 44. Ka2 Qa3+ 0-1

[Event "Biel"]
[Site "Biel SUI"]
[Date "1994.??.??"]
[Round "3"]
[White "Gavrikov, Viktor"]
[Black "Brunner, Lucas"]
[Result "1-0"]
[WhiteElo "2600"]
[BlackElo "2525"]
[PlyCount "111"]
[EventDate "1994.07.24"]
[EventType "tourn"]
[EventRounds "11"]
[EventCountry "SUI"]
[EventCategory "10"]

1. c4 e5 2. g3 Nf6 3. Bg2 d5 4. cxd5 Nxd5 5. Nc3 Nb6 6. d3 Be7 7. a3 a5 8. Be3 O-O 9. Rc1 f5 10. Nf3 Nc6 11. O-O Be6 12. Bxb6 cxb6 13. e3 Bf6 14. Re1 Rf7 15. d4 Rd7 16. Qc2 e4 17. Nd2 Ne7 18. Nb5 Nd5 19. Nb1 h5 20. N1c3 Ne7 21. Qe2 g6 22. Bh3 Bf7 23. f3 exf3 24. Qxf3 Nc6 25. Bg2 Bg7 26. h3 Qg5 27. Qf4 Qf6 28. Rf1 Qe7 29. Na4 Kh7 30. Rfe1 Bh6 31. Qf2 Re8 32. Nxb6 Rdd8 33. Rc3 Nxd4 34. Nc7 Nc6 35. Nxe8 Rxe8 36. Kh1 Bg7 37. Rd3 Ne5 38. Rd2 Qc7 39. Nd5 Qc5 40. Nf4 Qc7 41. e4 fxe4 42. Bxe4 Kh8 43. Qg2 b5 44. Bd5 Kh7 45. Rde2 h4 46. gxh4 Rf8 47. h5 Bxd5 48. Nxd5 Qd6 49. hxg6+ Kg8 50. Re3 Rf5 51. Nc3 Bh6 52. Rd1 Qf6 53. Nd5 Qe6 54. Rc3 Rg5 55. Nf4 Rxg2 56. Rd8+ 1-0

[Event "Biel"]
[Site "Biel SUI"]
[Date "1994.??.??"]
[Round "3"]
[White "Masserey, Yvan"]
[Black "Forster, Richard"]
[Result "1-0"]
[WhiteElo "2300"]
[BlackElo "2380"]
[PlyCount "81"]
[EventDate "1994.07.24"]
[EventType "tourn"]
[EventRounds "11"]
[EventCountry "SUI"]
[EventCategory "10"]

1. e4 c5 2. Nf3 d6 3. d4 cxd4 4. Nxd4 Nf6 5. Nc3 a6 6. f4 e6 7. Be2 Qc7 8. O-O Be7 9. g4 d5 10. e5 Ne4 11. Nxe4 dxe4 12. c3 b5 13. a4 bxa4 14. Qxa4+ Bd7 15. Qa5 Qb7 16. Be3 O-O 17. f5 Rc8 18. Qa2 Bc5 19. Bc4 Re8 20. b4 Bxd4 21. Bxd4 Bb5 22. Bxb5 Qxb5 23. Qd2 exf5 24. Rxf5 Qd5 25. Raf1 Nc6 26. Rxf7 Nxe5 27. Rxg7+ Kxg7 28. Qg5+ Kh8 29. Rf8+ Rxf8 30. Bxe5+ Qxe5 31. Qxe5+ Kg8 32. Qd5+ Kh8 33. Qe5+ Kg8 34. Qxe4 Rac8 35. Qe6+ Kh8 36. c4 Rb8 37. Qe5+ Kg8 38. Qd5+ Kg7 39. Qd4+ Kg8 40. c5 Rbc8 41. Qc4+ 1-0

[Event "Biel"]
[Site "Biel SUI"]
[Date "1994.??.??"]
[Round "4"]
[White "Brunner, Lucas"]
[Black "Gallagher, Joseph G"]
[Result "1/2-1/2"]
[WhiteElo "2525"]
[BlackElo "2470"]
[PlyCount "136"]
[EventDate "1994.07.24"]
[EventType "tourn"]
[EventRounds "11"]
[EventCountry "SUI"]
[EventCategory "10"]

1. Nf3 g6 2. e4 Bg7 3. d4 d6 4. Bc4 c6 5. Bb3 Nf6 6. Qe2 O-O 7. O-O Bg4 8. e5 Nd5 9. Nbd2 dxe5 10. dxe5 Nd7 11. h3 Bf5 12. Re1 Qc7 13. Nf1 a5 14. Bg5 Rfe8 15. Ng3 Be6 16. a3 a4 17. Ba2 Qb6 18. c4 Nc7 19. Be3 Qa6 20. Bf4 Nc5 21. Ne4 Nxe4 22. Qxe4 Rad8 23. Rad1 Qb6 24. Qe2 Na6 25. Ng5 Nc5 26. Rxd8 Rxd8 27. Be3 Qa5 28. f4 Bh6 29. Nxe6 Nxe6 30. Rf1 Nd4 31. Qf2 c5 32. Bb1 Qb6 33. Qh4 Bf8 34. f5 Qb3 35. Qf2 Qxc4 36. e6 Nxf5 37. Bxf5 gxf5 38. Qxf5 Qxe6 39. Qxe6 fxe6 40. Bxc5 Bg7 41. Rf4 b5 42. Bxe7 Rd2 43. Bf6 Bxf6 44. Rxf6 Rxb2 45. Rxe6 Rb3 46. Rb6 Kf7 47. Kf2 h5 48. g4 h4 49. g5 Kg7 50. Ke2 Rxh3 51. Rxb5 Rxa3 52. Kf2 Kg6 53. Ra5 Ra2+ 54. Kg1 a3 55. Kh1 h3 56. Kg1 Rg2+ 57. Kh1 a2 58. Ra6+ Kg7 59. Ra7+ Kf8 60. Ra8+ Ke7 61. g6 Kf6 62. g7 Kxg7 63. Ra7+ Kf6 64. Ra6+ Ke5 65. Ra5+ Kd4 66. Ra4+ Kc3 67. Ra3+ Kb4 68. Ra4+ Kxa4 1/2-1/2

[Event "Biel"]
[Site "Biel SUI"]
[Date "1994.??.??"]
[Round "4"]
[White "Forster, Richard"]
[Black "Chiburdanidze, Maia"]
[Result "0-1"]
[WhiteElo "2380"]
[BlackElo "2505"]
[PlyCount "72"]
[EventDate "1994.07.24"]
[EventType "tourn"]
[EventRounds "11"]
[EventCountry "SUI"]
[EventCategory "10"]

1. e4 c6 2. d4 d5 3. e5 Bf5 4. h4 h6 5. g4 Be4 6. f3 Bh7 7. e6 Qd6 8. exf7+ Kxf7 9. Bd3 e5 10. Bxh7 Rxh7 11. dxe5 Qxe5+ 12. Ne2 Nd7 13. Nbc3 Re8 14. Qd3 Ngf6 15. h5 d4 16. Qc4+ Re6 17. Ne4 Nxe4 18. fxe4 Ke8 19. O-O g5 20. Rf5 Qd6 21. Qd3 Nc5 22. Qf3 Nxe4 23. b3 Rd7 24. Bb2 Bg7 25. Rd1 c5 26. b4 Qb6 27. Qb3 c4 28. Qxc4 d3+ 29. Kh2 Bxb2 30. cxd3 Nf6 31. Ng3 Be5 32. Rxe5 Rxe5 33. d4 Qe6 34. Qc8+ Rd8 35. Qxd8+ Kxd8 36. dxe5+ Nd7 0-1

[Event "Biel"]
[Site "Biel SUI"]
[Date "1994.??.??"]
[Round "5"]
[White "Landenbergue, Claude"]
[Black "Forster, Richard"]
[Result "1-0"]
[WhiteElo "2450"]
[BlackElo "2380"]
[PlyCount "117"]
[EventDate "1994.07.24"]
[EventType "tourn"]
[EventRounds "11"]
[EventCountry "SUI"]
[EventCategory "10"]

1. Nf3 Nf6 2. c4 g6 3. b4 Bg7 4. Bb2 O-O 5. g3 d6 6. Bg2 e5 7. d3 h6 8. O-O Nc6 9. b5 Ne7 10. a4 Be6 11. Nbd2 Qd7 12. Qc2 Bh3 13. d4 exd4 14. Bxd4 Bxg2 15. Kxg2 Nf5 16. Bc3 Ng4 17. Qd3 Bxc3 18. Qxc3 Qe7 19. e4 Ng7 20. Rad1 Rfe8 21. Rfe1 Ne6 22. h3 Qf6 23. Qc1 Ne5 24. Nxe5 dxe5 25. Nf3 Kg7 26. Rd3 Ng5 27. Nxg5 hxg5 28. Red1 a6 29. Qb2 axb5 30. axb5 Ra4 31. Qe2 b6 32. Rd7 Re7 33. R1d5 Qe6 34. Rd8 Re8 35. Rxe8 Qxe8 36. Qc2 Ra7 37. Qc3 f6 38. Qd3 c5 39. Rd6 Rb7 40. Qd5 Qf7 41. Qc6 Qe7 42. Rxf6 Qxf6 43. Qxb7+ Kh6 44. Qc6 Qd8 45. Qd5 Qe7 46. Qg8 Qf6 47. Kg1 g4 48. hxg4 Kg5 49. Qe8 Qd6 50. Kg2 Qf6 51. Qc6 Qd8 52. Qd5 Qe7 53. f4+ Kf6 54. g5+ Kg7 55. Qxe5+ Qxe5 56. fxe5 Kf7 57. Kf3 Ke7 58. e6 Kd6 59. e7 1-0

[Event "Biel"]
[Site "Biel SUI"]
[Date "1994.??.??"]
[Round "5"]
[White "Masserey, Yvan"]
[Black "Vaganian, Rafael A"]
[Result "0-1"]
[WhiteElo "2300"]
[BlackElo "2645"]
[PlyCount "74"]
[EventDate "1994.07.24"]
[EventType "tourn"]
[EventRounds "11"]
[EventCountry "SUI"]
[EventCategory "10"]

1. e4 Nf6 2. e5 Nd5 3. d4 d6 4. Nf3 g6 5. Bc4 c6 6. h3 dxe5 7. dxe5 Bg7 8. O-O O-O 9. Qe2 Qc7 10. Re1 e6 11. Bb3 b5 12. Nbd2 Nd7 13. c3 a5 14. Bc2 Bb7 15. h4 h5 16. Nf1 c5 17. Bg5 c4 18. Ng3 b4 19. Bd2 Rfb8 20. Rac1 bxc3 21. bxc3 Ba6 22. Qe4 Rb2 23. Bb1 Nxe5 24. Nxe5 Qxe5 25. Qxe5 Bxe5 26. Rxe5 Rxd2 27. Re2 Rxe2 28. Nxe2 Rb8 29. Kf1 Rb2 30. Ke1 f5 31. g3 e5 32. a4 Bb7 33. Bc2 Bc6 34. Bd1 Kf7 35. Ng1 Kf6 36. Nf3 Nb6 37. Be2 Bd5 0-1

[Event "Biel"]
[Site "Biel SUI"]
[Date "1994.??.??"]
[Round "5"]
[White "Pelletier, Yannick"]
[Black "Brunner, Lucas"]
[Result "1/2-1/2"]
[WhiteElo "2350"]
[BlackElo "2525"]
[PlyCount "62"]
[EventDate "1994.07.24"]
[EventType "tourn"]
[EventRounds "11"]
[EventCountry "SUI"]
[EventCategory "10"]

1. Nf3 d5 2. d4 Nf6 3. c4 dxc4 4. Nc3 e6 5. e4 Bb4 6. Bg5 c5 7. Bxc4 cxd4 8. Nxd4 Bxc3+ 9. bxc3 Qa5 10. Bb5+ Bd7 11. Bxf6 gxf6 12. Bxd7+ Nxd7 13. O-O a6 14. Rb1 Qc7 15. Qh5 Ke7 16. Rfd1 Rac8 17. Qh4 b5 18. f4 Qxc3 19. Rb3 Qc5 20. h3 Rhd8 21. Kh1 Nf8 22. Rbd3 Ng6 23. Qf2 Qc7 24. Qd2 Ke8 25. f5 Nf8 26. fxe6 Nxe6 27. Rf1 Nc5 28. Rc3 Qe5 29. Rd1 Nxe4 30. Rxc8 Rxc8 31. Qe1 Rd8 1/2-1/2

[Event "Biel"]
[Site "Biel SUI"]
[Date "1994.??.??"]
[Round "6"]
[White "Cramling, Pia"]
[Black "Landenbergue, Claude"]
[Result "1-0"]
[WhiteElo "2525"]
[BlackElo "2450"]
[PlyCount "71"]
[EventDate "1994.07.24"]
[EventType "tourn"]
[EventRounds "11"]
[EventCountry "SUI"]
[EventCategory "10"]

1. d4 e6 2. Nf3 c5 3. e3 Nf6 4. c4 cxd4 5. exd4 d5 6. Nc3 Bb4 7. Bd3 O-O 8. O-O dxc4 9. Bxc4 b6 10. Bg5 Bxc3 11. bxc3 Nbd7 12. Rc1 Qc7 13. Bd3 Bb7 14. Re1 Rac8 15. c4 Qd6 16. Qd2 Bxf3 17. gxf3 Rfd8 18. Rcd1 e5 19. d5 Re8 20. Kh1 Nh5 21. Rg1 Nf8 22. Rc1 Ng6 23. Be3 Rc7 24. a4 Nf6 25. a5 Nf4 26. axb6 axb6 27. Rb1 Nxd3 28. Rxb6 Qa3 29. Rxf6 Rxc4 30. Rc6 Rxc6 31. dxc6 Nf4 32. Qd7 Qa8 33. Bxf4 exf4 34. Rd1 Rf8 35. Kg2 g6 36. c7 1-0

[Event "Biel"]
[Site "Biel SUI"]
[Date "1994.??.??"]
[Round "6"]
[White "Forster, Richard"]
[Black "Gavrikov, Viktor"]
[Result "0-1"]
[WhiteElo "2380"]
[BlackElo "2600"]
[PlyCount "54"]
[EventDate "1994.07.24"]
[EventType "tourn"]
[EventRounds "11"]
[EventCountry "SUI"]
[EventCategory "10"]

1. e4 c5 2. Nf3 d6 3. d4 cxd4 4. Nxd4 Nf6 5. Nc3 a6 6. Bc4 e6 7. Be3 b5 8. Bb3 b4 9. Na4 Bb7 10. f4 Bxe4 11. O-O Be7 12. c3 a5 13. cxb4 axb4 14. f5 e5 15. Bxf7+ Kxf7 16. Ne6 Qa5 17. Ng5+ Ke8 18. Nb6 Ra6 19. Nxe4 Nxe4 20. Rc1 Rxb6 21. Rc8+ Bd8 22. Qg4 Rb7 23. Qxe4 Qb5 24. Rfc1 Nd7 25. R1c6 Nf6 26. Qc2 Ke7 27. Qb3 Qd5 0-1

[Event "Biel"]
[Site "Biel SUI"]
[Date "1994.??.??"]
[Round "6"]
[White "Hoffman, Alejandro"]
[Black "Pelletier, Yannick"]
[Result "1-0"]
[WhiteElo "2500"]
[BlackElo "2350"]
[PlyCount "115"]
[EventDate "1994.07.24"]
[EventType "tourn"]
[EventRounds "11"]
[EventCountry "SUI"]
[EventCategory "10"]

1. d4 d5 2. c4 e6 3. Nc3 c6 4. cxd5 exd5 5. Bf4 Nf6 6. e3 Bf5 7. Bd3 Bxd3 8. Qxd3 Bd6 9. Nge2 O-O 10. O-O Re8 11. f3 Bxf4 12. Nxf4 Nbd7 13. Rad1 Qe7 14. Rfe1 Rad8 15. Qc2 Qd6 16. g3 Qb4 17. a3 Qb6 18. b4 Nf8 19. Na4 Qc7 20. Nc5 Ne6 21. Nfxe6 fxe6 22. Nd3 Re7 23. Rb1 a6 24. a4 Ra8 25. Rec1 Ne8 26. Ne5 Qd8 27. b5 cxb5 28. axb5 Rc7 29. Qa4 axb5 30. Qxb5 Nd6 31. Qb4 Ra2 32. Rxc7 Qxc7 33. Qc5 Qxc5 34. dxc5 Nc4 35. Nxc4 dxc4 36. Rc1 Ra4 37. Kf2 Ra2+ 38. Kg1 Ra4 39. f4 Kf7 40. Kf2 Rb4 41. Kf3 Ke7 42. Ke4 Kd7 43. Kd4 Kc6 44. Rxc4 Rb2 45. h4 Rd2+ 46. Ke5 Rg2 47. e4 Rxg3 48. Rb4 Rg6 49. Rb6+ Kxc5 50. Rxb7 h5 51. Rc7+ Kb4 52. Re7 Rg4 53. Rxe6 Rxh4 54. Rg6 Rg4 55. Rxg4 hxg4 56. Kd4 Kb5 57. Ke3 Kc5 58. Kf2 1-0

[Event "Biel"]
[Site "Biel SUI"]
[Date "1994.??.??"]
[Round "6"]
[White "Wahls, Matthias"]
[Black "Gallagher, Joseph G"]
[Result "0-1"]
[WhiteElo "2540"]
[BlackElo "2470"]
[PlyCount "122"]
[EventDate "1994.07.24"]
[EventType "tourn"]
[EventRounds "11"]
[EventCountry "SUI"]
[EventCategory "10"]

1. e4 c5 2. c3 d5 3. exd5 Qxd5 4. d4 Nc6 5. Be3 e5 6. c4 Qd8 7. d5 Nd4 8. Nc3 Nf6 9. Bd3 Bd6 10. Nge2 O-O 11. h3 Re8 12. Ng3 b5 13. Nxb5 Nxb5 14. cxb5 Nxd5 15. Bxh7+ Kxh7 16. Qxd5 Be6 17. Qd3+ Kg8 18. Ne4 Bf5 19. O-O Qh4 20. Qxd6 Qxe4 21. Qxc5 Rec8 22. Qa3 Bd7 23. Qa6 Re8 24. Rfe1 Re6 25. f3 Rxa6 26. fxe4 Bxb5 27. a3 Rc8 28. Rac1 Rxc1 29. Rxc1 Bd3 30. Rc8+ Kh7 31. Rc7 Kg8 32. Bxa7 Bxe4 33. Re7 f6 34. Bc5 Ra4 35. b3 Ra8 36. Rd7 Bc2 37. Rb7 Rd8 38. b4 Be4 39. Ra7 Rd2 40. g4 g6 41. Be7 f5 42. Bf6 f4 43. Bh4 Rg2+ 44. Kf1 Ra2 45. Re7 Bd3+ 46. Kg1 e4 47. Bg5 f3 48. Be3 Rg2+ 49. Kh1 f2 50. Bxf2 Rxf2 51. b5 Rb2 52. a4 Kf8 53. Re5 Rb4 54. Kg2 Rxa4 55. Kf2 Rb4 56. Ke3 Kf7 57. h4 Rxb5 58. Rxb5 Bxb5 59. Kxe4 Kf6 60. Kf4 Bc6 61. g5+ Ke6 0-1

[Event "Biel"]
[Site "Biel SUI"]
[Date "1994.??.??"]
[Round "7"]
[White "Gallagher, Joseph G"]
[Black "Forster, Richard"]
[Result "1-0"]
[WhiteElo "2470"]
[BlackElo "2380"]
[PlyCount "71"]
[EventDate "1994.07.24"]
[EventType "tourn"]
[EventRounds "11"]
[EventCountry "SUI"]
[EventCategory "10"]

1. Nf3 Nf6 2. g3 g6 3. Bg2 Bg7 4. O-O O-O 5. c4 c6 6. d4 d6 7. Nc3 a6 8. b3 b5 9. Bb2 Qa5 10. Nd2 Nfd7 11. e3 Re8 12. Qc2 Bb7 13. a3 Qc7 14. Rfc1 Nb6 15. a4 b4 16. Ne2 N6d7 17. Rd1 a5 18. Rac1 Na6 19. Qb1 Rac8 20. h3 Qb8 21. g4 Qa8 22. Ng3 Rcd8 23. Ba1 Kf8 24. g5 Kg8 25. h4 e5 26. Nde4 Qb8 27. dxe5 Nxe5 28. f4 Nd7 29. Bxg7 Kxg7 30. Qb2+ Kg8 31. h5 d5 32. h6 Kf8 33. Qg7+ Ke7 34. Nf6 Rg8 35. Nxg8+ Rxg8 36. Qd4 1-0

[Event "Biel"]
[Site "Biel SUI"]
[Date "1994.??.??"]
[Round "7"]
[White "Gavrikov, Viktor"]
[Black "Cramling, Pia"]
[Result "1/2-1/2"]
[WhiteElo "2600"]
[BlackElo "2525"]
[PlyCount "27"]
[EventDate "1994.07.24"]
[EventType "tourn"]
[EventRounds "11"]
[EventCountry "SUI"]
[EventCategory "10"]

1. e4 c5 2. Nf3 e6 3. d4 cxd4 4. Nxd4 a6 5. Nc3 Qc7 6. g3 Bb4 7. Nde2 Nf6 8. Bg2 Be7 9. O-O Nc6 10. h3 O-O 11. Be3 Rb8 12. g4 b5 13. a3 Bb7 14. g5 1/2-1/2

[Event "Biel"]
[Site "Biel SUI"]
[Date "1994.??.??"]
[Round "7"]
[White "Landenbergue, Claude"]
[Black "Masserey, Yvan"]
[Result "1/2-1/2"]
[WhiteElo "2450"]
[BlackElo "2300"]
[PlyCount "65"]
[EventDate "1994.07.24"]
[EventType "tourn"]
[EventRounds "11"]
[EventCountry "SUI"]
[EventCategory "10"]

1. c4 Nf6 2. Nc3 e6 3. e4 d5 4. e5 d4 5. exf6 dxc3 6. bxc3 Qxf6 7. d4 e5 8. Nf3 exd4 9. Bg5 Qe6+ 10. Be2 f6 11. Nxd4 Qf7 12. Bf4 Bc5 13. Nb3 Ba3 14. O-O O-O 15. Bf3 c6 16. Qd4 Na6 17. c5 Be6 18. Bd6 Rfd8 19. Qe3 Re8 20. Qd4 Rad8 21. Qa4 Bb2 22. Rab1 Bxc3 23. Rbc1 Bb2 24. Rb1 Be5 25. Na5 Bxd6 26. cxd6 Nc5 27. Qa3 b6 28. Nxc6 Rxd6 29. Rfe1 Bf5 30. Ra1 Be4 31. Bxe4 Rxe4 32. Rxe4 Nxe4 33. Qxa7 1/2-1/2